The thistle and the drone : (Record no. 554020)
[ view plain ]
| 000 -LEADER | |
|---|---|
| fixed length control field | 00954cam a2200181 i 4500 |
| 020 ## - INTERNATIONAL STANDARD BOOK NUMBER | |
| International Standard Book Number | 9780815723783 (hardcover : alkaline paper) |
| 082 00 - DEWEY DECIMAL CLASSIFICATION NUMBER | |
| Classification number | 909.831 |
| Author Mark | AKB |
| 100 1# - MAIN ENTRY--PERSONAL NAME | |
| Personal name | Ahmed, Akbar S., |
| 9 (RLIN) | 5313 |
| 245 14 - TITLE STATEMENT | |
| Title | The thistle and the drone : |
| Remainder of title | how America's War on Terror became a global war on tribal Islam / |
| Statement of responsibility, etc. | Akbar Ahmed. |
| 300 ## - PHYSICAL DESCRIPTION | |
| Extent | xi, 424 pages : |
| Other physical details | illustrations ; |
| Dimensions | 25 cm |
| 505 0# - FORMATTED CONTENTS NOTE | |
| Formatted contents note | The thistle and the drone -- Waziristan: "The most dangerous place in the world" -- Bin Laden's dilemma: balancing tribal and Islamic identity -- Musharraf's dilemma: balancing center and periphery -- Obama's dilemma: balancing security and human rights -- How to win the War on Terror: stopping a thousand genocides now. |
| 526 ## - STUDY PROGRAM INFORMATION NOTE | |
| Program name | 0 |
| Interest level | 0 |
| Reading level | 0 |
| Title point value | 909_831000000000000_AKB |
| 650 #0 - SUBJECT ADDED ENTRY--TOPICAL TERM | |
| Topical term or geographic name entry element | Afghan War, 2001- |
| 650 #0 - SUBJECT ADDED ENTRY--TOPICAL TERM | |
| Topical term or geographic name entry element | Islamic sociology. |
| 9 (RLIN) | 37462 |
| 650 #0 - SUBJECT ADDED ENTRY--TOPICAL TERM | |
| Topical term or geographic name entry element | Tribes |
| Geographic subdivision | Islamic countries. |
| 9 (RLIN) | 51297 |
| 650 #0 - SUBJECT ADDED ENTRY--TOPICAL TERM | |
| Topical term or geographic name entry element | War on Terrorism, 2001-2009. |
| 9 (RLIN) | 14608 |
| 942 ## - ADDED ENTRY ELEMENTS (KOHA) | |
| Source of classification or shelving scheme | |
| Koha item type | Book |
| Withdrawn status | Lost status | Source of classification or shelving scheme | Damaged status | Not for loan | Permanent Location | Current Location | Date acquired | Total Checkouts | Total Renewals | Full call number | Barcode | Date last seen | Date last checked out | Price effective from | Koha item type |
|---|---|---|---|---|---|---|---|---|---|---|---|---|---|---|---|
| Military College of Engineering (MCE) | Military College of Engineering (MCE) | 01/15/2018 | 6 | 2 | 909.831 AKB | MCE-50562 | 12/09/2020 | 12/09/2020 | 01/15/2018 | Book |
